Which Central European Country… - Statistics

General Stats
  • This quiz has been taken 22 times
  • The average score is 17 of 24
Answer Stats
Hint Answer % Correct
…is known as Österreich in its official language? Austria
95%
…is known as Magyarország in its official language? Hungary
95%
…split apart from Czechia in the Velvet Divorce in 1992? Slovakia
95%
…was a part of Yugoslavia? Slovenia
95%
…has four official languages, including Romansh? Switzerland
95%
…was reunified in 1990? Germany
91%
…has a population of less than 40,000? Liechtenstein
91%
…was invaded by Nazi Germany on September 1, 1939? Poland
91%
…was united by Otto von Bismarck in 1871? Germany
86%
…was the origin of the Rubik’s Cube? Hungary
86%
…was the birthplace of Wolfgang Amadeus Mozart? Austria
82%
…was the birthplace of Marie Curie? Poland
82%
…consumes the most beer per-capita in the world? Czechia
77%
…did croissants originate? Austria
73%
…was the Red Cross formed in 1863? Switzerland
73%
…was where disgruntled Protestants threw three government officials out of a castle window in 1618? Czechia
68%
…is one of the world’s least religious countries? Czechia
50%
…is escaping from prison not a crime because it’s seen as a part of human nature? Germany
50%
…has the second-highest GDP per capita in the world as of 2025? Liechtenstein
45%
…is home of an 800 year old salt mine and the world’s largest castle by area? Poland
45%
… celebrates one’s névnapot, or saint’s day, in addition to one’s birthday? Hungary
32%
…was the birthplace of Carl Jung? Switzerland
27%
…was known for being largely unaffected by the Black Plague? Poland
23%
…is the largest car producer per capita in the world? Slovakia
18%
No matching quizzes found
Score Distribution
Percent of People with Each Score
Percentile by Number Answered
Your Score History
You have not taken this quiz